000
00314nam a2200133Ia 4500
003
OSt
005
20231206071201.0
008
170523s9999 xx 000 0 und d
020
_a
81-309-1059-4
040
_c
iimt
100
_a
HART. LOIS B
245
0
_a
TRAINING SOURCES: FAULTLESS FACILITATION
942
_2
ddc
_c
02
999
_c
11459
_d
11459